Cryptography: Theory and practice (Record no. 32676)
[ view plain ]
| 000 -LEADER | |
|---|---|
| fixed length control field | 00485nam a2200181Ia 4500 |
| 008 - FIXED-LENGTH DATA ELEMENTS--GENERAL INFORMATION | |
| fixed length control field | 230917s9999||||xx |||||||||||||| ||und|| |
| 020 ## - ISBN | |
| Price | RS1295 |
| 040 ## - CATALOGING SOURCE | |
| -- | 252398 |
| Original cataloging agency | VIVEKANANDA LIBRARY |
| 041 ## - Language | |
| -- | English |
| 082 ## - DDC NUMBER | |
| Classification number | 005.82 S15C(4) |
| 100 ## - MAIN ENTRY--PERSONAL NAME | |
| Personal name | Stinson, Douglas R |
| 245 #0 - TITLE STATEMENT | |
| Title | Cryptography: Theory and practice |
| 250 ## - EDITION STATEMENT | |
| Edition statement | 4th ed. |
| 260 ## - PUBLICATION, DISTRIBUTION, ETC. (IMPRINT) | |
| Place of publication, distribution, etc | Boca Raton |
| Name of publisher, distributor, etc | CRC Press |
| Date of publication, distribution, etc | 2019 |
| 300 ## - PHYSICAL DESCRIPTION | |
| Pages | xvii, 580 p. |
| 500 ## - GENERAL NOTE | |
| General note | 3598 10/09/2019 APD19/1089348 17/01/2019 Main Budget |
| 942 ## - ADDED ENTRY ELEMENTS (KOHA) | |
| Koha item type | Books |
| Withdrawn status | Lost status | Damaged status | Not for loan | Location (home branch) | Sublocation or collection (holding branch) | Date acquired | Koha issues (times borrowed) | Koha full call number | Accession No. | Koha date last seen | Koha item type |
|---|---|---|---|---|---|---|---|---|---|---|---|
| VIVEKANANDA LIBRARY | VIVEKANANDA LIBRARY | 31/01/2019 | 005.82 S15C(4) | 387099 | 17/09/2023 | Books | |||||
| VIVEKANANDA LIBRARY | VIVEKANANDA LIBRARY | 31/01/2019 | 005.82 S15C(4) | 387100 | 17/09/2023 | Books | |||||
| VIVEKANANDA LIBRARY | VIVEKANANDA LIBRARY | 31/01/2019 | 005.82 S15C(4) | 387101 | 17/09/2023 | Books | |||||
| VIVEKANANDA LIBRARY | VIVEKANANDA LIBRARY | 31/01/2019 | 005.82 S15C(4) | 387102 | 17/09/2023 | Books | |||||
| VIVEKANANDA LIBRARY | VIVEKANANDA LIBRARY | 31/01/2019 | 005.82 S15C(4) | 387103 | 17/09/2023 | Books | |||||
| VIVEKANANDA LIBRARY | VIVEKANANDA LIBRARY | 31/01/2019 | 005.82 S15C(4) | 389387 | 17/09/2023 | Books | |||||
| VIVEKANANDA LIBRARY | VIVEKANANDA LIBRARY | 31/01/2019 | 005.82 S15C(4) | 389388 | 17/09/2023 | Books | |||||
| VIVEKANANDA LIBRARY | VIVEKANANDA LIBRARY | 31/01/2019 | 005.82 S15C(4) | 389389 | 17/09/2023 | Books | |||||
| VIVEKANANDA LIBRARY | VIVEKANANDA LIBRARY | 31/01/2019 | 005.82 S15C(4) | 389390 | 17/09/2023 | Books | |||||
| VIVEKANANDA LIBRARY | VIVEKANANDA LIBRARY | 31/01/2019 | 005.82 S15C(4) | 389391 | 17/09/2023 | Books |
